000 00517nam a2200217Ia 4500
003 OSt
005 20221005131131.0
006 a|||||r|||| 00| 0
007 ta
008 221004b |||||||| |||| 00| 0 snd d
024 _a6807
037 _cTextual
040 _aCRL
_cCRL
_bsnd
041 _2snd
_asnd
082 _aO1593,1M85x, K6
100 _aKishanchand
245 0 _aShair Bevas
260 _c1966
942 _hO1593,1M85x, K6
_cTEXL
_2cc
999 _c1059435
_d1059435